| 000 | 00798aaa a2200229 a 4500 | ||
|---|---|---|---|
| 001 | 78459 | ||
| 003 | BD-RjUL | ||
| 005 | 20211209083130.0 | ||
| 008 | 210923s1375 ir ||||| |||| 00| 0 per d | ||
| 035 | _a(BD-RjUL)78685 | ||
| 040 |
_aBD-RjUL _beng _cBD-RjUL |
||
| 041 | _aper | ||
| 082 |
_223 _a016.955 _bMAF 1375 |
||
| 100 | 1 |
_aمنزوى, احمد ;; Manzwy, Ahmed _9248423 |
|
| 245 | 1 | 0 |
_aفهرستواره كتابهاى فارسى / _cاحمد منزوى ;;Ahmed Manzawy |
| 260 |
_aTihran : _bانجمن آثار ومفاخر فرهنگی , _c1375 |
||
| 300 |
_a v. [1517 p] . ; _c23 cm |
||
| 490 |
_aسلسله انتشارات انجمن آثار و مفاخر فرهنگي _vشماره ; ١٢٧ |
||
| 505 | _aVol. 1 .-- | ||
| 650 |
_aIran _vHistory _yendex _9248424 |
||
| 942 |
_2ddc _cBK |
||
| 999 |
_c78459 _d78459 |
||